000 00602nam a2200193 4500
001 113316
003 ES-MaACL
005 20240308153456.0
007 t|
008 061121s1972 sp r ||||1| spa d
080 _a1 Marcuse, Herbert
100 1 _aNin de Cardona, José María.
_985749
245 1 0 _aHerbert Marcuse :
_b(en torno de su pensamiento social, jurídico y político) /
_cJosé María Nin de Cardona.
260 _aMadrid :
_bReus,
_c1972.
300 _a288 p. ;
_c22 cm.
600 0 4 _aMarcuse, Herbert,
_d1898-1979
_976559
852 _aES-MaACL
_jC-45099
999 _c113316
_d113316